Sampling oscilloscope circuits / (Record no. 181037)
[ view plain ]
| 000 -LEADER | |
|---|---|
| fixed length control field | 00835 a2200181 4500 |
| 003 - CONTROL NUMBER IDENTIFIER | |
| control field | Nust |
| 005 - DATE AND TIME OF LATEST TRANSACTION | |
| control field | 20221116131823.0 |
| 040 ## - CATALOGING SOURCE | |
| Transcribing agency | Nust |
| 082 ## - DEWEY DECIMAL CLASSIFICATION NUMBER | |
| Classification number | 621.3741,MUL |
| 245 ## - TITLE STATEMENT | |
| Title | Sampling oscilloscope circuits / |
| Statement of responsibility, etc. | John Mulvey |
| 250 ## - EDITION STATEMENT | |
| Edition statement | 1st ed |
| 260 ## - PUBLICATION, DISTRIBUTION, ETC. | |
| Place of publication, distribution, etc. | Circuits concepts |
| Name of publisher, distributor, etc. | Tektronix |
| Date of publication, distribution, etc. | 1970 |
| 300 ## - PHYSICAL DESCRIPTION | |
| Extent | 246 p |
| 505 ## - FORMATTED CONTENTS NOTE | |
| Formatted contents note | Introduction to Sampling Principles (Page-1), Basic Circuit Functions and Relationships (Page-5), Sampling Amplifying and Holding Circuits (Page-55), RAMP Triggering and RAMP Delay Circuits (Page-115), Sequential Mode Timing and Strobe Delay Circuits (Page-157), Radom Mode Circuits (Page-203) Definition of Terms (Page—227), Subject Index (Page-237), Instrument Diagram Index (Page-238). |
| 600 ## - SUBJECT ADDED ENTRY--PERSONAL NAME | |
| Personal name | Mulvey John |
| 9 (RLIN) | 102692 |
| 650 ## - SUBJECT ADDED ENTRY--TOPICAL TERM | |
| Topical term or geographic name entry element | Sampling oscilloscope circuits |
| 9 (RLIN) | 102693 |
| 942 ## - ADDED ENTRY ELEMENTS (KOHA) | |
| Source of classification or shelving scheme | |
| Koha item type | Book |
| Withdrawn status | Lost status | Source of classification or shelving scheme | Damaged status | Not for loan | Permanent Location | Current Location | Shelving location | Date acquired | Full call number | Barcode | Date last seen | Price effective from | Koha item type | Public note |
|---|---|---|---|---|---|---|---|---|---|---|---|---|---|---|
| Military College of Signals (MCS) | Military College of Signals (MCS) | General Stacks | 12/12/2016 | 621.3741,MUL | MCS21230 | 12/08/2016 | 12/12/2016 | Book | Almirah No.30, Shelf No.4 |
